[Event "ESP-ch U14"]
[Site "Salobrena"]
[Date "2022.07.20"]
[Round "5"]
[White "Sierra Pena, Mario"]
[Black "Torres Rebolledo, Marcos"]
[Result "1-0"]
[WhiteElo "1454"]
[BlackElo "1649"]
[PlyCount "65"]
[EventDate "2022.07.18"]
[EventType "swiss"]
[EventRounds "9"]
[EventCountry "ESP"]
[SourceTitle "EXT 2023"]
[Source "ChessBase"]
[SourceDate "2022.10.05"]
[SourceVersion "1"]
[SourceVersionDate "2022.10.05"]
[SourceQuality "1"]

1. Nf3 d5 2. c4 e6 3. b3 Nf6 4. Bb2 Be7 5. g3 c5 6. Bg2 Nc6 7. 0-0 0-0 8. cxd5 Nxd5 9. d4 cxd4 10. Nxd4 Nxd4 11. Bxd4 Bf6 12. Qd2 Nf4 13. Bxf6 Qxf6 14. gxf4 Rd8 15. Qa5 Rd5 16. Bxd5 exd5 17. Qc3 Qxf4 18. Qg3 Qf6 19. Nd2 h5 20. Nf3 Bg4 21. Rad1 Qf5 22. Rd3 Bh3 23. Nh4 Qe6 24. Qxh3 Qxe2 25. Qf3 Qe7 26. Qg3 Qe6 27. Re3 Qf6 28. Rfe1 Qc6 29. Nf5 Qf6 30. Qxg7+ Qxg7+ 31. Nxg7 Kxg7 32. Re8 Rxe8 33. Rxe8 1-0